| 000 | 00784nam a2200253Ia 4500 | ||
|---|---|---|---|
| 003 | OSt | ||
| 005 | 20250804103448.0 | ||
| 008 | 210210b1954 xxu||||| |||| 00| 0 eng d | ||
| 040 | _cAL | ||
| 041 | _aKannada | ||
| 082 | _a852/448 | ||
| 100 |
_aRANGANATHA DIVAKARA _dರಂಗನಾಥ ದಿವಾಕರ _9233755 |
||
| 245 |
_aYatrika: tatva jnaniya vichara lahari _bಯಾತ್ರಿಕ: ತತ್ವ ಜ್ಞಾನ ವಿಚಾರ ಲಹರಿ |
||
| 260 |
_aDhAravADa _bManohara Grantha Prakashana Samiti _c1954 |
||
| 650 |
_aYAtrika: _9233756 |
||
| 650 |
_aYAtrika _9233756 |
||
| 650 |
_avichAra _9233757 |
||
| 650 |
_atatva _9233758 |
||
| 650 |
_alahari _9233759 |
||
| 650 |
_ajnaniya _9233760 |
||
| 690 |
_aKannada Prose _9233761 |
||
| 906 | _a019014 | ||
| 942 |
_2ddc _cBK |
||
| 999 |
_c143065 _d143065 |
||